000 00746nam a2200217 a 4500
001 000012241
005 20200929162746.0
008 091106s1974 ec 000 f spa d
040 _aDO-SdBNP
_bspa
_cBNPHU
082 _aV863.44
_bO87c
100 1 _aOtero Silva, Miguel,
_d1908-1985
_923057
245 1 0 _aCasas Muertas /
_cMiguel Otero Silva ; prologuista, Benjamín Carrión.
260 _aGuayuquil, Ecuador :
_bAriel LTDA,
_c1974.
300 _a140 p. ;
_c18 cm.
490 1 _aAriel Universal
_v5
500 _aUna visión actual de la literatura de siempre
650 4 _aNovela venezolana
_93962
650 4 _aLiteratura venezolana
_ySIGLO XX
_99777
700 1 _aCarrión, Benjamín,
_epról.
_928887
830 0 _aAriel Universal ;
_v5
_928888
999 _c11899
_d11899